Statistics for Political Figures of North America

Click here to take the quiz!

General Stats

  • This quiz has been taken 10 times
    (3 since last reset)
  • The average score is 13 of 37

Answer Stats

CountryPolitical Figure% Correct
United StatesJoe Biden
100%
CanadaJustin Trudeau
100%
Antigua and BarbudaQueen Elizabeth II
100%
GrenadaQueen Elizabeth II
100%
St. Vincent and the GrenadinesQueen Elizabeth II
100%
St. LuciaQueen Elizabeth II
100%
The BahamasQueen Elizabeth II
100%
JamaicaQueen Elizabeth II
100%
St. Kitts and NevisQueen Elizabeth II
100%
CanadaQueen Elizabeth II
100%
BelizeQueen Elizabeth II
100%
BarbadosQueen Elizabeth II
100%
MexicoAndrés Manuel López Obrador
67%
NicaraguaDaniel Ortega
33%
CubaRaúl Castro | Miguel Díaz-Canel
33%
GuatemalaAlejandro Giammattei
0%
St. LuciaAllen Chastanet
0%
JamaicaAndrew Holness
0%
Costa RicaCarlos Alvarado Quesada
0%
DominicaCharles Savarin
0%
BelizeDean Barrow
0%
Antigua and BarbudaGaston Browne
0%
The BahamasHubert Minnis
0%
HaitiJoseph Jouthe
0%
HaitiJovenel Moïse
0%
HondurasJuan Orlando Hernández
0%
GrenadaKeith Mitchell
0%
Trinidad and TobagoKeith Rowley
0%
PanamaLaurentino Cortizo
0%
Dominican RepublicLuis Abinader
0%
CubaManuel Marrero Cruz
0%
BarbadosMia Mottley
0%
El SalvadorNayib Bukele
0%
Trinidad and TobagoPaula-Mae Weekes
0%
St. Vincent and the GrenadinesRalph Gonsalves
0%
DominicaRoosevelt Skerrit
0%
St. Kitts and NevisTimothy Harris
0%

Score Distribution

Percentile by Number Answered

Percent of People with Each Score

Your Score History

You have not taken this quiz since the last reset